[Event "Praia op 1st"]
[Site "Praia a Mare"]
[Date "2007.04.07"]
[Round "4"]
[White "De Marco, Francesco"]
[Black "Cordi, Domenico"]
[Result "0-1"]
[WhiteElo "1848"]
[BlackElo "2084"]
[PlyCount "136"]
[EventDate "2007.04.05"]
[EventType "swiss"]
[EventRounds "5"]
[EventCountry "ITA"]
[SourceTitle "EXT 2023"]
[Source "ChessBase"]
[SourceDate "2022.10.05"]
[SourceVersion "1"]
[SourceVersionDate "2022.10.05"]
[SourceQuality "1"]

1. e4 c5 2. Nf3 d6 3. d4 cxd4 4. Nxd4 Nf6 5. Nc3 a6 6. Be2 e5 7. Nb3 Be7 8. Be3 Be6 9. h3 0-0 10. 0-0 b5 11. a3 Qc7 12. f4 Nbd7 13. Qe1 Rab8 14. Rd1 Rfd8 15. Qg3 Kh8 16. Nd2 Bc4 17. Nxc4 bxc4 18. Bc1 exf4 19. Qxf4 Ne5 20. Kh1 Kg8 21. Qg3 Kh8 22. h4 Qb7 23. Nd5 Nxe4 24. Qf4 Nf6 25. Nxe7 Qxe7 26. Bxc4 Nh5 27. Qd4 Ng3+ 28. Kg1 Nxc4 29. Qxc4 d5 30. Qg4 Nxf1 31. Rxf1 Rbc8 32. h5 h6 33. c3 Rc4 34. Qg3 Re4 35. b4 Re8 36. Bd2 Re2 37. Qd3 Qe4 38. Qxe4 R8xe4 39. Rf2 Rxf2 40. Kxf2 Rh4 41. Ke3 Kg8 42. g3 Rc4 43. Kd3 Kf8 44. Bf4 Ke8 45. Be5 g6 46. Bf4 gxh5 47. Bxh6 Kd7 48. Bg7 h4 49. gxh4 Rxh4 50. Bd4 Rh3+ 51. Kc2 Kc6 52. a4 Rh2+ 53. Kd3 Ra2 54. a5 Kb5 55. Bc5 Ra1 56. Kd4 Rd1+ 57. Ke5 Kc6 58. Bd4 Rf1 59. Bb6 Rf3 60. Kd4 f6 61. Bd8 Rf4+ 62. Ke3 Re4+ 63. Kd3 f5 64. Bb6 f4 65. Bd4 f3 66. Be3 Kb5 67. Bc5 Re2 68. Be3 Ra2 0-1

[Event "Cutro op-B 12th"]
[Site "Cutro"]
[Date "2006.04.29"]
[Round "6"]
[White "Meli, Massimo"]
[Black "De Marco, Francesco"]
[Result "0-1"]
[WhiteElo "1878"]
[BlackElo "1881"]
[PlyCount "124"]
[EventDate "2006.04.23"]
[EventType "swiss"]
[EventRounds "9"]
[EventCountry "ITA"]
[SourceTitle "EXT 2007"]
[Source "ChessBase"]
[SourceDate "2006.11.23"]
[SourceVersion "1"]
[SourceVersionDate "2006.11.23"]
[SourceQuality "1"]

1. e4 c5 2. Nf3 d6 3. Nc3 Nf6 4. Be2 Nc6 5. d3 g6 6. h3 Bg7 7. 0-0 a6 8. a4 Qc7 9. Bg5 Qa5 10. Nd2 Be6 11. Nc4 Bxc4 12. dxc4 Nd4 13. Bd3 h6 14. Be3 0-0 15. Nd5 Nc6 16. f4 e6 17. Bd2 Qd8 18. Ne3 Nb4 19. f5 exf5 20. exf5 Nxd3 21. cxd3 g5 22. Qf3 Qd7 23. Bc3 Rfe8 24. Kh1 Rab8 25. Bxf6 Bxf6 26. Ng4 Bxb2 27. Nxh6+ Kg7 28. Qh5 Bxa1 29. Qxg5+ Kf8 30. f6 Bxf6 31. Rxf6 Re1+ 32. Kh2 Qe8 33. Rxf7+ Qxf7 34. Nxf7 Kxf7 35. Qh5+ Ke6 36. Qg4+ Kf7 37. Qf5+ Ke7 38. Qh7+ Kd8 39. h4 Re7 40. Qg6 Kc7 41. h5 Rbe8 42. g4 Re6 43. Qf7+ R8e7 44. Qf1 Re1 45. Qf4 R7e2+ 46. Kg3 Re3+ 47. Kh4 Rxd3 48. Qf7+ Kc6 49. h6 Rh1+ 50. Kg5 Rdh3 51. Qe8+ Kc7 52. Qe7+ Kc6 53. Qe4+ Kc7 54. Qh7+ Kc6 55. Kg6 Rxh6+ 56. Qxh6 Rxh6+ 57. Kxh6 b5 58. axb5+ axb5 59. cxb5+ Kxb5 60. g5 c4 61. g6 c3 62. g7 c2 0-1

[Event "Croce di Magara op"]
[Site "Camigliatello"]
[Date "2005.09.18"]
[Round "7"]
[White "Ielapi, Vito"]
[Black "De Marco, Francesco"]
[Result "1-0"]
[WhiteElo "1971"]
[BlackElo "1803"]
[PlyCount "101"]
[EventDate "2005.09.10"]
[EventType "swiss"]
[EventRounds "9"]
[EventCountry "ITA"]
[SourceTitle "EXT 2007"]
[Source "ChessBase"]
[SourceDate "2006.11.23"]
[SourceVersion "1"]
[SourceVersionDate "2006.11.23"]
[SourceQuality "1"]

1. e4 c5 2. Nf3 Nc6 3. d4 cxd4 4. Nxd4 Nf6 5. Nc3 e5 6. Nb3 Bb4 7. Bd2 0-0 8. Bd3 a6 9. 0-0 h6 10. Kh1 d6 11. Qf3 Bxc3 12. Bxc3 b5 13. a3 Qc7 14. Bd2 Kh7 15. Qg3 Be6 16. Rac1 Bc4 17. Qh4 Ng8 18. f4 Rad8 19. Rf3 Nce7 20. f5 Rc8 21. f6 Ng6 22. Qh3 Nxf6 23. Bxc4 bxc4 24. Rxf6 gxf6 25. Qxh6+ Kg8 26. Na5 Qd7 27. Qh5 Qb5 28. Bb4 Rfd8 29. Qf5 Kg7 30. Rf1 Nf4 31. g3 c3 32. Re1 Qb6 33. gxf4 cxb2 34. c4 Rh8 35. Qg4+ Kh7 36. Rg1 Qxg1+ 37. Qxg1 Rhg8 38. Qb1 Rg4 39. Qxb2 Rcg8 40. Qc1 exf4 41. Bxd6 f3 42. Bg3 Rxe4 43. Nb3 f5 44. Nd2 Re3 45. Qd1 Rd8 46. Qg1 Red3 47. Nf1 Rg8 48. Qf2 Rg4 49. c5 Kg6 50. c6 Rd1 51. Kg1 1-0

[Event "Cutro op-B 11th"]
[Site "Cutro"]
[Date "2005.04.25"]
[Round "2"]
[White "Russo, Carmelo"]
[Black "De Marco, Francesco"]
[Result "0-1"]
[WhiteElo "1763"]
[BlackElo "1884"]
[PlyCount "110"]
[EventDate "2005.04.23"]
[EventType "swiss"]
[EventRounds "5"]
[EventCountry "ITA"]
[SourceTitle "CBM 106 Extra"]
[Source "ChessBase"]
[SourceDate "2005.07.01"]
[SourceVersion "1"]
[SourceVersionDate "2005.07.01"]
[SourceQuality "1"]

1. Nf3 c5 2. b3 Nf6 3. c4 d6 4. Bb2 Nc6 5. g3 e6 6. Bg2 Be7 7. e4 0-0 8. e5 dxe5 9. Nxe5 Nd4 10. 0-0 Qc7 11. Re1 Nd7 12. Nf3 Bf6 13. Nc3 a6 14. Rb1 g6 15. Ne4 Bg7 16. Nxd4 cxd4 17. d3 e5 18. Ba3 Re8 19. Qf3 Bf8 20. Bxf8 Rxf8 21. Rbc1 Rb8 22. c5 Qa5 23. Re2 Qa3 24. Rec2 f5 25. Nd6 Nf6 26. Nxc8 Rfxc8 27. c6 Qe7 28. c7 Ra8 29. Qxb7 e4 30. dxe4 fxe4 31. Bh3 Qe8 32. Bxc8 Rxc8 33. Qxa6 d3 34. Rc6 d2 35. Rd1 e3 36. Qc4+ Kg7 37. Re6 exf2+ 38. Kxf2 Qd7 39. Ke2 Rxc7 40. Rxd2 Qc8 41. Re7+ Rxe7+ 42. Kd1 Qf5 43. Kc1 Re1+ 44. Kb2 Rb1+ 45. Ka3 Qa5+ 46. Qa4 Qxd2 47. Qa7+ Kh6 48. Qa8 Kh5 49. Qf3+ Kh6 50. Qa8 Qd6+ 51. Ka4 Rb2 52. Kb5 Nd7 53. Qa7 Rxa2 54. Qxa2 Qc5+ 55. Ka6 Qb6# 0-1